Toutes les communes des Hautes-Alpes sur une carte - Statistiques

Statistiques générales
  • Ce quiz a été pris 989 fois
    895 depuis la dernière actualisation
  • Le résultat moyen est 54 sur 162
Réponses sur la Carte
Les réponses sont colorées sur une échelle allant du rouge au vert en fonction du pourcentage des utilisateurs qui les ont devinées à leur premier essai. Vous pouvez retrouver ces pourcentages ci-dessous.
 
Statistiques - réponses
Commune Population % Correct
Gap 40 631
99%
Briançon 11 339
95%
Embrun 6 335
86%
Guillestre 2 312
72%
Chorges 3 061
70%
Mont-Dauphin 173
67%
Veynes 3 216
67%
Vars 528
65%
Saint-Véran 192
64%
Savines-le-Lac 1 076
64%
L'Argentière-la-Bessée 2 255
62%
Tallard 2 285
62%
Montgenèvre 454
60%
Le Monêtier-les-Bains 1 060
58%
Les Orres 543
58%
Risoul 655
58%
Saint-Bonnet-en-Champsaur 2 063
57%
Dévoluy 916
56%
Orcières 674
56%
Puy-Saint-Vincent 301
56%
La Bâtie-Neuve 2 562
54%
Névache 359
54%
Laragne-Montéglin 3 543
52%
Saint-André-d'Embrun 692
52%
Saint-André-de-Rosans 152
52%
Vallouise-Pelvoux 1 154
52%
Aspres-lès-Corps 99
51%
Aspres-sur-Buëch 803
51%
Serres 1 285
51%
La Bâtie-Vieille 325
50%
La Roche-des-Arnauds 1 528
49%
Réallon 251
49%
Ancelle 917
48%
La Grave 479
48%
La Roche-de-Rame 808
47%
Saint-Jean-Saint-Nicolas 1 075
47%
Ceillac 285
46%
Château-Ville-Vieille 319
45%
Arvieux 358
44%
Eygliers 805
44%
Molines-en-Queyras 297
44%
Abriès-Ristolas 383
43%
Châteauroux-les-Alpes 1 198
43%
Puy-Saint-Eusèbe 167
43%
Puy-Sanières 273
43%
Crots 1 105
42%
La Salle-les-Alpes 935
42%
Saint-Pierre-d'Argençon 162
41%
Crévoux 127
40%
Puy-Saint-Pierre 524
39%
Saint-Clément-sur-Durance 318
39%
Baratier 620
38%
La Chapelle-en-Valgaudémar 105
38%
Puy-Saint-André 453
38%
Saint-Crépin 737
38%
Saint-Martin-de-Queyrières 1 128
38%
Aiguilles 397
36%
La Saulce 1 443
36%
Saint-Pierre-Avez 30
36%
Villar-Saint-Pancrace 1 477
36%
Saint-Chaffrey 1 531
35%
Villar-d'Arêne 294
35%
Saint-Julien-en-Beauchêne 136
34%
Saint-Sauveur 516
34%
Cervières 199
33%
Le Sauze-du-Lac 144
33%
Val Buëch-Méouge 1 340
33%
La Rochette 474
32%
Prunières 299
32%
Saint-Apollinaire 178
32%
Saint Firmin 443
32%
Saint-Michel-de-Chaillol 352
32%
Rosans 469
31%
Saint-Etienne-le-Laus 286
31%
Le Noyer 301
30%
Saint-Léger-les-Mélèzes 362
30%
Val-des-Prés 615
30%
Laye 243
29%
Saint-Laurent-du-Cros 535
29%
Sigoyer 708
29%
Champoléon 136
28%
Espinasses 821
28%
La Freissinouse 904
28%
Les Vigneaux 502
28%
Orpierre 356
28%
Aspremont 369
27%
Champcella 188
27%
Freissinières 217
27%
La Bâtie-Montsaléon 256
27%
La Fare-en-Champsaur 433
27%
Montmaur 529
27%
Pelleautier 763
27%
Jarjayes 460
26%
Réotier 209
26%
La Motte-en-Champsaur 212
25%
Monêtier-Allemont 284
25%
Remollon 453
25%
Saint-Julien-en-Champsaur 365
25%
Villar-Loubière 42
25%
Avançon 419
24%
Chabottes 887
24%
La Beaume 150
24%
Le Poët 777
24%
Aubessagne 705
23%
Neffes 763
23%
Saint-Maurice-en-Valgodemard 126
23%
Valserres 267
23%
Barcillonnette 127
22%
Bréziers 239
22%
Châteauvieux 506
22%
Lettret 191
22%
Oze 104
22%
Rabou 87
22%
La Faurie 328
21%
La Haute-Beaume 8
21%
Montgardin 457
21%
Poligny 323
21%
Sigottier 87
21%
Théus 214
21%
Garde-Colombe 520
20%
Rousset 181
20%
Saint-Jacques-en-Valgodemard 144
20%
Upaix 147
20%
Ventavon 584
20%
Vitrolles 209
20%
Châteauneuf-d'Oze 30
19%
Eourres 125
19%
Lardier-et-Valença 338
19%
Le Saix 117
19%
Valdoule 220
19%
Barret-sur-Méouge 180
18%
Le Glaizil 160
18%
Manteyer 427
18%
Rambaud 378
18%
Rochebrune 175
18%
Saint-Auban-D'oze 81
18%
Forest-Saint-Julien 334
17%
L'Epine 203
17%
Fouillouse 255
15%
Furmeyer 179
15%
Lazer 342
15%
Montbrand 58
15%
Savournon 252
15%
Trescléoux 310
15%
Esparron 57
14%
Etoile-Saint-Cyrice 29
14%
Montjay 104
14%
Montrond 84
14%
Buissard 215
13%
Montclus 52
13%
Nossage-et-Bénévent 15
13%
Sainte-Colombe 51
13%
Saléon 87
12%
Chabestan 155
11%
La Piarre 93
11%
Chanousse 40
10%
Ribeyret 114
10%
Sorbiers 35
10%
Le Bersac 142
9%
Méreuil 86
9%
Salérans 85
9%
Moydans 41
7%
Aucun quiz correspondant
Distribution des résultats
% des personnes avec chaque résultat
Percentile par nombre de réponses
Votre historique - résultats
Vous n’avez pas pris ce quiz depuis la dernière actualisation